1652 1420 1356 1851 1469 1155 1296 1618 1908 1069 1036 1529 1341 1930 1888 1915 1185 1446 1885 1737 1164 1009 1310 1782 1888 1679 1942 1364 1303 1000 1493 1730 1250 1219 1472 1487 1848 1096 1122 1375 1730 1936 1261 1954 1594 1755 1869 1764 1660 1253 1940 1770 1236 1944 1745 1370 1373 1146 1605 1198 1052 1284 1438 1039 1032 1230 1033 1758 1866 1629 1020 1085 1305 1027 1331 1108 1179 1304 1441 1715 1638 1445 1946 1941 1905 1423 1569 1318 1740 1784 1572 1454 1285 1369 1102 1199 1030 1411 1847 BCNSPRNW ULIB Ver.6.0+V

เปลี่ยนเป็นภาษาไทย

Change to English
 แสดงรายละเอียดบรรณานุกรม
  กลับหน้าหลัก

Brief Record : Get Marc (ISO 2709) : E-mail record : QR code < ปิดหน้าต่าง
LEADER : 00000nam 2200000uu 4500
001    13399122821
003     ULIB
008    130927s2554||||th 000 0 tha d
020    ^a9786167078205
090    นว.^bภ21ส
100 0  ^aภาคินัย
245 10 ^aสวนสนุกแดนนรก /^cภาคินัย [นามแฝง]
260    ^aกรุงเทพฯ :^bโซฟา พับลิชชิ่ง,^c2554
300    ^a256 หน้า
945    ^p200^l0^i034047
999    ^aเกษร โพธิ์สุวรรณ
รายการนี้ยังไม่มีแท็ก
คุณยังไม่ได้ล็อกอิน คุณสามารถมีกิจกรรมร่วมกับเว็บไซต์ได้ แต่ต้องล็อกอินก่อน ::
  ล็อกอิน

รายการสื่อสารสนเทศ

ลำดับที่ ประเภท เลขเรียก/บาร์โค้ด สถานที่ สถานะ
1. นวนิยาย
นวนิยาย
นว. ภ21ส ฉ.1 
  Barcode: 034047
ห้องสมุดวิทยาเขตสวรรค์ประชารักษ์
►นวนิยาย
บนชั้น
  ขอยืม

รายการใกล้เคียง
    ผู้แต่ง [ภาคินัย]

BibComment


ยังไม่เคยถูกคอมเมนท์

คอมเมนท์ทรัพยากรรายการนี้
  คอมเมนท์: สวนสนุกแดนนรก ภ..


 Copyright 2026. Bcnsprnw @Library